Handbook on mechanical engineering (Record no. 33231)

MARC details
000 -LEADER
fixed length control field 00438nam a2200169Ia 4500
008 - FIXED-LENGTH DATA ELEMENTS--GENERAL INFORMATION
fixed length control field 230917s9999||||xx |||||||||||||| ||und||
020 ## - ISBN
Price RS1575
040 ## - CATALOGING SOURCE
Original cataloging agency VIVEKANANDA LIBRARY
082 ## - DDC NUMBER
Classification number 621 S15H(2)
100 ## - MAIN ENTRY--PERSONAL NAME
Personal name Sadhu Singh
245 #0 - TITLE STATEMENT
Title Handbook on mechanical engineering
250 ## - EDITION STATEMENT
Edition statement 2nd ed.
260 ## - PUBLICATION, DISTRIBUTION, ETC. (IMPRINT)
Place of publication, distribution, etc New Delhi
Name of publisher, distributor, etc S Chand
Date of publication, distribution, etc 2018
300 ## - PHYSICAL DESCRIPTION
Pages xvi, 2326 p.
500 ## - GENERAL NOTE
General note 3668 14/10/2019 HBD19/7972 22/10/2019 Main Budget
942 ## - ADDED ENTRY ELEMENTS (KOHA)
Koha item type Books
Holdings
Withdrawn status Lost status Damaged status Not for loan Location (home branch) Sublocation or collection (holding branch) Shelving location Date acquired Koha issues (times borrowed) Koha full call number Accession No. Koha date last seen Koha item type
        VIVEKANANDA LIBRARY VIVEKANANDA LIBRARY UIET Library 28/11/2019   621 S15H(2) 389869 17/09/2023 Books
        VIVEKANANDA LIBRARY VIVEKANANDA LIBRARY UIET Library 28/11/2019   621 S15H(2) 389870 17/09/2023 Books
        VIVEKANANDA LIBRARY VIVEKANANDA LIBRARY UIET Library 28/11/2019 2 621 S15H(2) 389871 05/02/2024 Books
        VIVEKANANDA LIBRARY VIVEKANANDA LIBRARY UIET Library 28/11/2019   621 S15H(2) 389872 17/09/2023 Books
        VIVEKANANDA LIBRARY VIVEKANANDA LIBRARY UIET Library 28/11/2019   621 S15H(2) 389873 17/09/2023 Books
© Designed and Maintained by Vivekananda Library, MDU Rohtak